[Event "FAI-chT 1314"]
[Site "Torshavn"]
[Date "2013.11.03"]
[Round "2.4"]
[White "Petersen, Terji"]
[Black "Eyasteinsson, Silas"]
[Result "1-0"]
[WhiteElo "2037"]
[BlackElo "1668"]
[PlyCount "75"]
[EventDate "2013.10.27"]
[EventType "team-tourn"]
[EventRounds "10"]
[EventCountry "FAI"]
[SourceTitle "EXT 2015"]
[Source "ChessBase"]
[SourceDate "2014.11.20"]
[SourceVersion "1"]
[SourceVersionDate "2014.11.20"]
[SourceQuality "1"]
[WhiteTeam "Klaksvik"]
[BlackTeam "Sandavagur"]
[WhiteTeamCountry "FAI"]
[BlackTeamCountry "FAI"]

1. d4 Nf6 2. c4 e6 3. Nf3 Bb4+ 4. Bd2 Qe7 5. g3 0-0 6. Bg2 d5 7. 0-0 Bxd2 8. Qxd2 Nc6 9. b3 b6 10. Nc3 Bb7 11. Rac1 Rfd8 12. Qf4 Nh5 13. Qe3 Rac8 14. Rfd1 Qf8 15. cxd5 exd5 16. Ne5 Nf6 17. Nb5 Nxe5 18. dxe5 Ne8 19. Nxa7 Ra8 20. Nc6 Bxc6 21. Rxc6 Rxa2 22. Bxd5 Qe7 23. Qe4 Ra5 24. b4 Ra4 25. Qf5 Raa8 26. Rc3 Ra7 27. Qxf7+ Qxf7 28. Bxf7+ Kxf7 29. Rxd8 Ke7 30. Rcd3 c5 31. bxc5 bxc5 32. Rc8 Nc7 33. Rd6 Ne6 34. Rcc6 Ng5 35. f3 Nf7 36. Rd5 Ra2 37. Kf2 Ra3 38. Rdxc5 1-0